Online
Catalog

República Dominicana : (Record no. 51228)

MARC details
000 -CABECERA
campo de control de longitud fija 01983nam a22002057a 4500
003 - IDENTIFICADOR DEL NÚMERO DE CONTROL
campo de control DO-SdBNP
005 - FECHA Y HORA DE LA ÚLTIMA TRANSACCIÓN
campo de control 20220126104557.0
008 - DATOS DE LONGITUD FIJA--INFORMACIÓN GENERAL
campo de control de longitud fija 220126b1991 ||||| |||| 00| 0 spa d
040 ## - FUENTE DE LA CATALOGACIÓN
Centro catalogador/agencia de origen DO-SdBNP
Lengua de catalogación spa
Centro/agencia transcriptor BNPHU
082 ## - NÚMERO DE LA CLASIFICACIÓN DECIMAL DEWEY
Número de clasificación F-
Número de documento/Ítem R426c
245 ## - MENCIÓN DE TÍTULO
Título República Dominicana :
Resto del título censo experimental de Villa Altagracia 1990 (informe general y tabulaciones básicas) ; versión preliminar /
Mención de responsabilidad, etc. Manuel Rincón, Bienvenida Rodríguez
260 ## - PUBLICACIÓN, DISTRIBUCIÓN, ETC.
Lugar de publicación, distribución, etc. Santo Domingo :
Nombre del editor, distribuidor, etc. Consejo Nacional de Población y Familia.
Fecha de publicación, distribución, etc. 1991
300 ## - DESCRIPCIÓN FÍSICA
Extensión 53 p. :
Otras características físicas il. ;
Dimensiones 28 cm
505 ## - NOTA DE CONTENIDO CON FORMATO
Nota de contenido con formato INFORME METODOLOGICO DEL CENSO EXPERIMENTAL 3|Antecedentes y objetivos del Censo experimental 3|Los objetivos 4|El área de estudio cubierta por el Censo Experimental 6|El contenido de la boleta 6|Actividades preparatorias del censo 10|El trabajo de campo 12|La revisión del material en la oficina 12|La vuelta al terreno para confirmar información que presentaba signos de irregularidad 14|Los problemas de omision y mala declaración de la fecha de nacimiento del último hijo 14|Consideraciones sobre la investigación de la sobrevivencia de hermanas 15|Las preguntas de control sobre posible omisión de nacimientos ocurridos después del último nacido vivo declarado 16|La omisión y la mala declaración de fecha de defunción 16|Omision de menores de un año 17|Los resultados en la investigación de la fecundidad 17|La declaracion de abortos como fallecidos 17|De los menores registrados en el hogar sin una madre asignable 18|De la experiencia en la identificación del informante 18|El procesamiento de los datos 19|Los principales resultados en relación a los objetivos 19|RESULTADOS GENERALES Y TABULACIONES BASICAS 21|La vivienda y sus condiciones 21|Características generales de la población urbana en Villa Altagracia 21
650 ## - PUNTO DE ACCESO ADICIONAL DE MATERIA--TÉRMINO DE MATERIA
Término de materia o nombre geográfico como elemento de entrada República Dominicana
Subdivisión general Censos
9 (RLIN) 81016
650 ## - PUNTO DE ACCESO ADICIONAL DE MATERIA--TÉRMINO DE MATERIA
Término de materia o nombre geográfico como elemento de entrada República Dominicana
Subdivisión general Población
9 (RLIN) 38792
700 ## - PUNTO DE ACCESO ADICIONAL--NOMBRE DE PERSONA
Nombre de persona Rincón, Manuel
9 (RLIN) 81017
910 ## - DATOS DE OPCIÓN DEL USUARIO (OCLC)
Datos de opción del usuario DG
942 ## - ELEMENTOS DE PUNTO DE ACCESO ADICIONAL (KOHA)
Fuente del sistema de clasificación o colocación Dewey Decimal Classification
Tipo de ítem Koha Libro
Holdings
Estado de retiro Estado de pérdida Fuente del sistema de clasificación o colocación Restricciones de uso No para préstamo Código de colección Localización permanente Ubicación/localización actual Ubicación en estantería Total de préstamos Signatura topográfica completa Código de barras Fecha visto por última vez Precio válido a partir de Tipo de ítem Koha
    Dewey Decimal Classification Excluido de préstamo   Monografías: Libros y Folletos Biblioteca Nacional Pedro Henríquez Ureña Patrimonio Dominicano En catalogación   F- R426c 2022-0246 26.01.2022 26.01.2022 Libro

Powered by Koha